| 000 | 01305cam a22003615i 4500 | ||
|---|---|---|---|
| 999 |
_c28025 _d27996 |
||
| 001 | 20297958 | ||
| 003 | EG-ScBUE | ||
| 005 | 20200210110722.0 | ||
| 008 | 180123t20182018enk f b 001 0 eng d | ||
| 020 | _a9780198797807 (paperback) | ||
| 035 | _a(OCoLC)on1048892201 | ||
| 040 |
_aSITPL _beng _erda _cSITPL _dSITPL _dOCLCF _dNMH _dDLC _dEG-ScBUE |
||
| 082 | 0 | 4 |
_a658.827 _bELL _222 |
| 100 | 1 |
_aElliott, Richard H., _eauthor. _93310 |
|
| 245 | 1 | 0 |
_aStrategic brand management / _cRichard Rosenbaum-Elliott, Larry Percy, & Simon Pervan. |
| 250 | _aFourth edition. | ||
| 264 | 1 |
_aOxford ; _aNew York, NY : _bOxford University Press, _c[2018] |
|
| 264 | 4 | _cc2018 | |
| 300 |
_axi, 354 pages ; _c25 cm |
||
| 336 |
_atext _btxt _2rdacontent |
||
| 337 |
_aunmediated _bn _2rdamedia |
||
| 338 |
_avolume _bnc _2rdacarrier |
||
| 504 | _aIncludes bibliographical references and index. | ||
| 650 | 7 |
_aProduct management. _2BUEsh |
|
| 650 | 7 |
_aBrand name products. _2BUEsh _936669 |
|
| 650 | 7 |
_aStrategic planning. _2BUEsh |
|
| 653 |
_bCOMAME _cFebruary2020 |
||
| 700 | 1 |
_aPercy, Larry, _eauthor. _93305 |
|
| 700 | 1 |
_aPervan, Simon, _eauthor. |
|
| 856 | 4 | 2 |
_3Online resources _uhttps://oup-arc.com/access/elliott_percy4e-lecturer-resources#tag_powerpoint-presentations |
| 942 |
_2ddc _cBB |
||